000 01119nam a2200181 a 4500
005 20260220154953.0
008 260215s2026##################000#0#eng##
020 _a9780521812337
082 0 4 _a302.4
_bGOL
100 _a Gold Thomas
245 1 0 _aSocial Connections in China: Institutions, Culture, and the Changing Nature of Guanxi
_c/ Thomas Gold , Doug Guthrie , David L. Wank
260 _bCambridge Univ Pr
_c2002.
300 _a275p,;
_c22 cm.
504 _aindex
520 _aGuanxi, loosely translated as "social connections," or "social networks," is among the most important, talked about, and studied phenomena in China today. Guanxi lies at the heart of China's social order, its economic structure, and its changing institutional landscape. It is considered important in most every realm of life, from politics to business, and from officialdom to street life. This volume offers the latest scholarly thinking on the subject by top China sociologists whose work on guanxi has been influential and by new scholars offering cutting-edge insights on the topic.
650 _asociology
942 _cREF
999 _c612697
_d612697